000 00420ntaaa2200169 4500
003 01
005 20251027202847.0
008 0714s1973 ag 01
040 _aAR-BaBN
_bspa
_cAR-BaBN
_eaacr
_dRIC
082 _a269.0000 H14
100 _aHallenbeck, Edwin Forrest
245 _aPaixao pelas almas
250 _a1 ed.
260 _aRío de Janeiro :
_bCasa Publicadora Batista,
_cc1948
300 _a71 p
942 _cBK
999 _c23974
_d23974